000 01348cam a2200289 a 4500
001 000014969
005 20200929163931.0
008 960129s1992 sp ab b 001 0 spa d
020 _a8478201262
040 _aDO-SdBNP
_bspa
_cNjP
_dDLC
_dBNPHU
082 _a700
_bC112r
100 1 _aCabañero Subiza, Bernabé,
_d1961-
_933888
245 1 4 _aLos restos islámicos de Maleján (Zaragoza) :
_bnuevos datos para el estudio de la evolución de la decoración de la época del Califato al período Taifa /
_cBernabé Cabañero Subiza ; prólogo Christian Ewert.
260 _aZaragoza, Venezuela :
_bInstitución Fernando el Católico,
_c1992.
300 _a123 p. :
_bil., mapas ;
_c24 cm.
490 1 _aInstitución Fernando el Católico
_v1310
500 _aCon un estudio epigráfico de Carmelo Lasa Ewert.
504 _aIncluye referencias bibliográficas (p. 106-119).
650 4 _aDecoración y ornamentación arquitectónicas
_zEspaña
_zMaleján
_933889
650 4 _aAntigüedades islámicas
_zMaleján (España{Rpara}
_933890
651 4 _aMaleján (España{Rpara}
_xAntigüedades
_933891
650 4 _aExcavaciones arqueológicas
_zMaleján (España{Rpara}
_933892
700 1 _aEwert, Christian
_epról.
_933893
830 0 _aInstitución Fernando el Católico ;
_v1310.
_916722
910 _aCatalogación por copia / LC
049 _aBNGR
999 _c14544
_d14544